000 00734nam a22002297a 4500
003 MN-UlNLM
005 20220920114010.0
008 200415t2019 mp ||||| |||| 00| 0 mon d
020 _a978-9919-500-15-3
040 _aМонгол Улсын Үндэсний номын сан
084 _2NNA
_a66.3(5Мон)8
_bБ 381
_q66
100 1 _aБаяр С.
245 0 _aЖаран хоног "жаран"-ы бутархай
260 1 _aУБ
_bНепко хэвл
_c2019
300 _a453х
500 _aМУ-ын ерөнхий сайд асан Санжийн Баярын дурсамж, дуртгалын ном
546 _aMongolia
653 _aУлс төр
856 _aprintbook
942 _cBK
999 _c125887
_d125944